|
|
|
|
| LEADER |
00000nab a2200000 a 4500 |
| 001 |
vtls000630210 |
| 003 |
SK-MaSNL |
| 005 |
20260304094725.0 |
| 008 |
250425c1997 xo 0 slo |
| 015 |
|
|
|a SNBRB19rr/mm-uuuuu
|
| 035 |
|
|
|a CL0630349
|
| 035 |
|
|
|a urn:nbn:sk:snk-abajcw
|
| 035 |
|
|
|a (urnnbn)urn:nbn:sk:snk:ar-008b39
|
| 035 |
|
|
|a (uuid)e1770b74-42a1-43b6-8b77-aa6b22711e74
|
| 040 |
|
|
|a SNKBUCL
|b slo
|c SNKBUCL
|e AACR2
|
| 041 |
0 |
|
|a slo
|
| 044 |
|
|
|a xo
|c SK
|
| 080 |
|
|
|a 792.021.071.1
|2 1981
|
| 080 |
|
|
|a 792.024
|2 1981
|
| 080 |
|
|
|a 687.16
|2 1981
|
| 080 |
|
|
|a 929 Bohuš, Rastislav
|2 1981
|
| 100 |
1 |
|
|a Urban, Jozef
|4 aut
|9 333447
|
| 245 |
1 |
0 |
|a Krčmové ticho
|b O šťastí a škrípaní v človeku
|c Jozef Urban
|
| 300 |
|
|
|b Fotogr. 3
|
| 600 |
1 |
7 |
|a Bohuš, Rastislav,
|d 1948-
|2 snkbucl
|9 216266
|
| 655 |
|
7 |
|a články z novín a časopisov
|2 snkbucl
|9 267496
|
| 773 |
0 |
|
|t Literárny týždenník
|g Roč. 10, č. 23 (1997), s. 3
|x 0862-5999
|
| 850 |
|
|
|a Slovenská národná knižnica
|
| 852 |
|
|
|a Slovenská národná knižnica
|
| 954 |
|
|
|a odborná, vedecká literatúra pôvodná (slovenská)
|2 lita
|
| 958 |
|
|
|a article14
|
| 958 |
|
|
|a OND
|
| 958 |
|
|
|a RK
|
| 958 |
|
|
|a EUIPO
|
| 992 |
|
|
|a RBX
|
| 999 |
|
|
|c 2828639
|d 2830569
|